Library Banner

More than architecture (Record no. 62194)

MARC details
000 -LEADER
fixed length control field 00435nam a2200181Ia 4500
001 - CONTROL NUMBER
control field 61751
008 - FIXED-LENGTH DATA ELEMENTS--GENERAL INFORMATION
fixed length control field 141120s9999 xx 000 0 und d
020 ## - INTERNATIONAL STANDARD BOOK NUMBER
International Standard Book Number 9783034601009
040 ## - CATALOGING SOURCE
Transcribing agency PK-LaUMT
082 ## - DEWEY DECIMAL CLASSIFICATION NUMBER
Classification number 712
Item number MOR-
100 ## - MAIN ENTRY--PERSONAL NAME
Personal name Nussaum, Andrea
245 ## - TITLE STATEMENT
Title More than architecture
Statement of responsibility, etc Nussaum, Andrea
260 ## - PUBLICATION, DISTRIBUTION, ETC. (IMPRINT)
Place of publication, distribution, etc Basel:
Name of publisher, distributor, etc Birkhauser Verlag,
Date of publication, distribution, etc 2009
300 ## - PHYSICAL DESCRIPTION
Extent 150 p.
546 ## - LANGUAGE NOTE
Language note EN
650 ## - SUBJECT ADDED ENTRY--TOPICAL TERM
Topical term or geographic name as entry element Architecture
942 ## - ADDED ENTRY ELEMENTS (KOHA)
Koha item type Books
Holdings
Withdrawn status Lost status Damaged status Not for loan Home library Current library Date acquired Total Checkouts Full call number Barcode Date last seen Price effective from Koha item type
        UMT Main Campus UMT Main Campus 2014-11-18   712 MOR- 82729 2014-11-20 2014-11-20 Books